00727 a2200157 45000010006000000050017000060080041000230030015000640400040000790800045001192450037001642640033002013000019002345050287002531000029005405728920260407155835.0260407a1967 arg spa dAR-UNSa-BCEJYS aAR-UNSa-BCEJYSbspacAR-UNSa-BCEJYS a331.2xSalarios. Sueldos. Remuneraciones10aLos aumentos masivos de salarios 1aBuenos Aires :bLosadac1967 a138 p.c20 cm. a1. Los aumentos masivos de salarios como factor – patrón de la crisis de estabilidad económica – 2. El coeficiente de productividad como árbitro de la puja entre precios y salarios – 3. Plan para neutralizar los aumentos de costos ocasionados por el alza de los precios 1 aAlvarez, Carlos Emiliano